000 01260 a2200241 4500
003 Nust
005 20220816191155.0
010 _a 2006530740
020 _a0470091231
035 _a(OCoLC)ocm56642894
040 _cNust
082 0 4 _a621.3821,HEL
100 1 _aHelvoort, Huub van.
_959169
245 1 0 _aSDH/SONET explained in functional models :
_bmodeling the optical transport network /
_cHuub van Helvoort.
260 _aChichester ;
_aHoboken, NJ :
_bWiley,
_cc2005.
300 _axvii, 282 p. :
_bill. ;
_c24 cm.
505 _aIntroduction (Page-1), Functional Modeling (Page-11), Partitioning and Layering Page 49,Expansion and Reduction (Page-61), Adaption Functions (Page-69), Trail Termination Functions (Page-99),Connection Functions (Page-123), Connection Supervision (Page-143), Protection Models (Page-155), Compound Functional Models and Their Decomposition (Page-179), Example Functional Models to Exercise (Page-219).
650 0 _aSONET (Data transmission)
_956039
650 0 _aTelecommunication Engineering
856 4 2 _3Publisher description
_uhttp://www.loc.gov/catdir/enhancements/fy0653/2006530740-d.html
856 4 2 _3Table of contents only
_uhttp://www.loc.gov/catdir/enhancements/fy0653/2006530740-t.html
942 _cREF
_2ddc
999 _c175707
_d175707